Normal view
MARC view
- Cooperación internacional educativa
Entry Materia
001 - NÚMERO DE CONTROL DEL REGISTRO
- campo de control: 12385
003 - IDENTIFICADOR DE NUMERO DE CONTROL
- campo de control: MX-MxUPN
005 - FECHA Y HORA DE LA ÚLTIMA TRANSACCIÓN
- campo de control: 20241016134641.0
008 - DATOS DE LONGITUD FIJA
- campo de control de longitud fija: 241016n||acnnnbabn n ana |d
035 ## - NÚMERO DE CONTROL DEL SISTEMA
- Número de control del sistema: UPN10000012392
040 ## - FUENTE DE LA CATALOGACIÓN
- Lengua de catalogación: spa
- Agencia de transcripción: MX-MxUPN
- Centro catalogador de origen: MX-MxUPN
053 #4 - NÚMERO CLASIFICADOR - BIBLIOTECA DEL CONGRESO (LC)
- Elemento numérico de la clasificación - Número único o no. inicial del rango: LB2283
150 ## - ENCABEZAMIENTO - TEMÁTICO
- Término de materia o nombre geográfico como elemento inicial: Cooperación internacional educativa
670 ## - FUENTE EN LA QUE SE LOCALIZARON DATOS
- Cita de la fuente: B4
670 ## - FUENTE EN LA QUE SE LOCALIZARON DATOS
- Información localizada: página 273 (Cooperación internacional educativa)
902 ## - CATALOGADOR
- Catalogador: LG/220296
- Catalogador: MaríaRobles/161024
